People Powered Startups: Building a Culture of Collaboration, Innovation and High Performance (Record no. 46473)

MARC details
000 -LEADER
fixed length control field 00500nam a22001697a 4500
005 - DATE AND TIME OF LATEST TRANSACTION
control field 20250824202832.0
008 - FIXED-LENGTH DATA ELEMENTS--GENERAL INFORMATION
fixed length control field 250823b |||||||| |||| 00| 0 eng d
020 ## - INTERNATIONAL STANDARD BOOK NUMBER
International Standard Book Number 9780143473749
041 ## - LANGUAGE CODE
Language code of text/sound track or separate title eng
082 ## - DEWEY DECIMAL CLASSIFICATION NUMBER
Classification number 658.11 NIG
100 ## - MAIN ENTRY--PERSONAL NAME
Author Nigam,Saurabh
245 ## - TITLE STATEMENT
Title People Powered Startups: Building a Culture of Collaboration, Innovation and High Performance
260 ## - PUBLICATION, DISTRIBUTION, ETC.
Place Haryana
Publisher Penguin Business
Publication Year 2025
300 ## - PHYSICAL DESCRIPTION
Extent 343;. p. 21 cm
650 ## - SUBJECT ADDED ENTRY--TOPICAL TERM
Subject Entrepreneurship, Human Capital
942 ## - ADDED ENTRY ELEMENTS (KOHA)
Koha item type Books
Holdings
Withdrawn status Lost status Source of classification or shelving scheme Damaged status Not for loan Home library Current library Shelving location Accession Date Vendor Price Bill number Total Checkouts Full call number Barcode No Date due Date last seen Date last checked out Bill Date Koha item type Suggested By
    Dewey Decimal Classification     IMTN IMTN Rack 20-B 08/23/2025 Amazon.in 263.34 HYD8-3460706 1 658.11 NIG 33940 01/22/2026 01/12/2026 01/12/2026 08/01/2025 Books Faculty Purchase by Dr. Abhishek N Singh
Designed & Maintained by: LRC IMT Nagpur Contact: lrc@imtnag.ac.in© 2024. All Rights Reserved.